Statistics for Hard flags

Click here to take the quiz!

General Stats

  • This quiz has been taken 35 times
  • The average score is 14 of 16

Answer Stats

Answer% Correct
bhutan
100%
bahrain
96%
brunei
96%
central african republic
91%
guyana
91%
turkmenistan
91%
belize
87%
comoros
87%
grenada
87%
kuwait
87%
marshall islands
87%
mozambique
87%
micronesia
83%
solomon islands
78%
rwanda
74%
american samoa
48%

Score Distribution

Percentile by Number Answered

Percent of People with Each Score

Your Score History

You have not taken this quiz